| 000 | 01004nas a2200289 4500 | ||
|---|---|---|---|
| 001 | BR8500332 | ||
| 003 | BR-BrBNA | ||
| 005 | 20231205090101.0 | ||
| 007 | ta | ||
| 008 | 230509b bl.|||p| |||| 00| 00por d | ||
| 040 |
_aBR-BrBNA _bpor _cBiblioteca Nacional de Agricultura |
||
| 041 | _a(Pt) | ||
| 072 | _aP12; P10 | ||
| 100 | 1 | _aCosta, R.G. | |
| 100 | 1 | _aGheyi, H.R. | |
| 245 | 1 |
_aVariacao da qualidade da agua de irrigacao da microrregiao homogenea de Catole do Rocha, PB [Paraiba, Brasil] _bParte de tese |
|
| 246 | 1 |
_aVariation of irrigation water quality in the homogeneous microregion of Catole do Rocha, PB [Paraiba, Brazil] _b[Part of thesis] |
|
| 650 | _aIRRIGACAO | ||
| 650 | _aMANEJO DE AGUA | ||
| 650 | _aSALINIDADE | ||
| 650 | _aAGUA | ||
| 650 | _aCATOLE DO ROCHA | ||
| 650 | _aPARAIBA | ||
| 773 | 0 |
_tPesquisa Agropecuaria Brasileira (Brazil) _xISSN 0100-204X _g(Aug 1984), v. 19(8) p. 1021-1025 _wBR8500332 |
|
| 909 |
_a202311 _bLúcia _c55 _dLúcia Elande |
||
| 942 |
_2AGRIS _n0 _cANA |
||
| 999 |
_c116044 _d116044 |
||